Capitale des Provinces du Sri Lanka - Statistiques

Statistiques générales
  • Ce quiz a été pris 36 fois
  • Le résultat moyen est 4 sur 9
Statistiques - réponses
Capitale Réponse % Correct
Ouest Colombo
97%
Centre Kandy
82%
Nord Jaffna
73%
Sud Galle
52%
Est Trincomalee
45%
Centre-Nord Anuradhapura
39%
Uva Badulla
15%
Nord-Ouest Kurunegala
15%
Sabaragamuwa Ratnapura
15%
Aucun quiz correspondant
Distribution des résultats
% des personnes avec chaque résultat
Percentile par nombre de réponses
Votre historique - résultats
Vous n’avez pas pris ce quiz